Popularne numery rap/trap tygodnia 08-14.01 Spotify. - Statystyki

Ogólne statystyki
  • Ten quiz został rozwiązany 9 razy
  • Średni wynik to 23 z 30
Statystyki odpowiedzi
Wykonawca Odsłuchania Utwór % Poprawnych
Guzior 820K BLUEBERRY
100%
Guzior, Oskar83 713K FALA
100%
Sobel 478K Kinol
100%
Wiatr, Sobel, Be Vis 547K Testarossa
100%
Reto 441K Billy Kid
88%
Quebonafide, Daria Zawiałow 405K BUBBLETEA
88%
Alberto 368K Dwutakt
88%
Kizo, Trill Pem 462K Fitness
88%
Mata, Wyguś, Szczepan, Adam 280K GOMBAO 33
88%
Favst, Gibbs, Kukon 315K halo
88%
Qry, Mini Majk 306K Mały ale wariat
88%
Kabe 417K Nad ranem
88%
Żabson, Vladimir Cauchemar 756K OBOK
88%
Żabson, Young Leosia, Beteo, Borucci 325K ULALA
88%
Białas, Mata 257K Drift
75%
Sobel 398K Impreza
75%
Chivas, White 2115 412K Mam Na Twarzy Krew I Tym Razem Nie Jest Sztuczna
75%
Quebonafide, Mick Jenkins 405K MATCHA LATTE
75%
Taco Hemingway 320K Polskie Tango
75%
Mata 266K Schodki
75%
Quebonafide, Forxst 300K TEEN KASIA
75%
Guzior 362K TRAPSTAR
75%
Wac Toja 294K Kapitan
63%
Pezet, Kayah 266K Nisko jest niebo
63%
Kukon, Quebonafide 314K Piję wódę i słucham Ich Troje
63%
SB Maffija 287K A nie pamiętasz jak?
50%
Bedoes, Lanek 374K Chrome Hearts /
50%
chillwagon 271K jeden jeden
50%
Bedoes, Lanek 718K TOA$T /
38%
Bedoes, Lanek 258K VOGUE
38%
Nie znaleziono quizów pasujących do podanych kryteriów
Rozkład punktacji
Procent ludzi z każdym wynikiem
Percentyl według liczby udzielonych odpowiedzi
Twoja historia wyników
Nie rozwiązałeś tego quizu